| 000 | 00890nam a2200253Ia 4500 | ||
|---|---|---|---|
| 003 | OSt | ||
| 005 | 20220923211449.0 | ||
| 006 | a|||||r|||| 00| 0 | ||
| 007 | ta | ||
| 008 | Pun | ||
| 020 |
_a9789350685822 (hbk) _c200 |
||
| 024 | _a281,337 | ||
| 037 |
_b901, 25/07/2014, Bright Book Service _cTextual |
||
| 040 |
_aARTS _cARTS _bPun |
||
| 041 |
_2Pun _aPun |
||
| 082 | _aO168,3N151:g, 153Q4 | ||
| 100 | _aਭੰਡਾਰੀ, ਸੋਹਨ, ਥਦ. | ||
| 245 | 0 |
_aਬੇਦੀ ਜਿਸੇ ਕਹਿਤੇ ਹੈ੍ਵ _b ਸੋਧਿਆ ਐਡੀFਨ |
|
| 260 |
_aਚੰਡੀਗੜ _b ਲੋਕਗੀਤ ਪ੍ਰਕਾFਨ _c2014 |
||
| 300 |
_a167ਪੰ _ccm. |
||
| 650 | _aਪੰਜਾਬੀ ਸਾਹਿਤ | ||
| 942 |
_hO168,3N151:g, 153Q4 _cTEXL _2CC |
||
| 999 |
_c299785 _d299785 |
||